'H' Television Characters Quiz Stats

Quiz Updated Oct 30, 2017

Challenge
Share
Tweet
Score 0/20 Timer 05:00
4 Plays Today
% Correct
Homer Simpson
99%
Howard Wolowitz
82%
Benjamin Franklin 'Hawkeye' Pierce
65.6%
Haley Dunphy
62.7%
Hilary Banks
60.6%
Hodor
53%
Hugo 'Hurley' Reyes
48%
Hal Wilkerson
45.7%
Judge Harry Stone
45%
Helga Pataki
42%
% Correct
Hiro Nakamura
38.6%
Henry 'Hank' Moody
38.2%
Hannah Horvath
32.6%
Hermes Conrad
22.4%
Herb Tarlek
18.5%
Henrietta 'Hetty' Lange
18%
Harmony Kendall
11.3%
Hilda Suarez
11.3%
Harrison Wright
8.5%
Dr. Helen Magnus
7.6%

You're not logged in!

Compare scores with friends on all Sporcle quizzes.
Sign Up with Email
OR
Log In

You Might Also Like...

Show Comments

Extras

Top Quizzes Today


Score Distribution

Your Account Isn't Verified!

In order to create a playlist on Sporcle, you need to verify the email address you used during registration. Go to your Sporcle Settings to finish the process.

Report this User

Report this user for behavior that violates our Community Guidelines.

Details: